|
|
|
|
| LEADER |
00966pam a22002778a 4500 |
| 001 |
00034569 |
| 005 |
20171026081025.0 |
| 008 |
161006s2015 ||||||Viesd |
| 020 |
|
|
|c 50000
|
| 041 |
0 |
# |
|a Vie
|
| 082 |
1 |
4 |
|a 907
|b PH561PH
|
| 100 |
1 |
# |
|a Phạm, Phúc Vĩnh
|
| 245 |
1 |
0 |
|a Phương pháp nghiên cứu khoa học lịch sử
|c Phạm Phúc Vĩnh
|b Dành cho sinh viên, học viên chuyên ngành lịch sử
|
| 260 |
# |
# |
|a Tp. Hồ Chí Minh
|b Đại học quốc gia
|c 2015
|
| 300 |
# |
# |
|a 163 tr.
|c 20,5 cm.
|
| 653 |
# |
# |
|a Lịch sử
|
| 653 |
# |
# |
|a Nghiên cứu khoa học
|
| 653 |
# |
# |
|a Phương pháp
|
| 700 |
1 |
# |
|a Đề tài
|
| 852 |
# |
# |
|b Kho mượn
|j KM.0018905
|
| 852 |
# |
# |
|b Kho đọc
|j KD.0018530
|
| 852 |
# |
# |
|j KM.0018958
|j KM.0018959
|j KM.0018976
|j KD.0018530
|j KM.0018905
|
| 910 |
|
|
|d 06/10/2016
|
| 980 |
# |
# |
|a Trung tâm Học liệu Lê Vũ Hùng, Trường Đại học Đồng Tháp
|